[Event "Olympiad Women 2024"]
[Site "Budapest HUN"]
[Date "2024.09.22"]
[Round "11.60"]
[Board "4"]
[White "Saraci, Ndriqona"]
[Black "Beekhy, Aamirah"]
[Result "1/2-1/2"]
[WhiteElo "1656"]
[BlackElo "1600"]
[PlyCount "95"]
[EventDate "2024.09.11"]
[WhiteTeam "Kosovo"]
[BlackTeam "Mauritius"]
[WhiteTeamCountry "KOS"]
[BlackTeamCountry "MRI"]

1. e4 c5 2. Nf3 d6 3. d4 cxd4 4. Nxd4 Nf6 5. Nc3 a6 6. f3 g6 7. Be3 Bg7 8. Qd2 Nbd7 9. Be2 Qc7 ({RR} 9... b6 10. Nd5 Nxd5 11. exd5 Bb7 12. c4 O-O 13. O-O Re8 14. Rac1 e5 15. dxe6 fxe6 16. Rfd1 Ne5 17. Nb3 Nf7 18. Bd4 Bh6 19. Be3 Bg7 20. Rc2 Rb8 21. Kh1 Ba8 22. Nd4 e5 23. Nb3 a5 24. Bd3 {½-½ Efimenko,Z (2616)-Nakamura,H (2651) Gibraltar Masters 2007 (8)}) ({RR} 9... b5 10. a4 bxa4 11. Rxa4 Bb7 12. Nb3 O-O 13. Na5 Qc7 14. O-O Nc5 15. Ra3 Rfd8 16. b4 Ne6 17. Na4 Nd7 18. c4 Bc6 19. Nc3 Nb6 20. Nd5 Bxd5 21. cxd5 Nf8 22. Rc1 Qb8 23. Nc6 Qb7 24. Nxd8 {1-0 Schulze,L (2283)-Dierckens,S (1943) Olympiad Women 2024 (2.9)}) 10. O-O-O b5 11. Bh6 $146 ({RR} 11. Kb1 Bb7 12. g4 Ne5 13. Rhf1 Nc4 14. Bxc4 Qxc4 15. Qe2 Rc8 16. Nb3 Qc7 17. Bd4 O-O 18. h4 e5 19. Be3 h5 20. g5 Nh7 21. Nd5 Bxd5 22. Rxd5 f5 23. Rfd1 f4 24. Bf2 Rfd8 25. Be1 Rd7 {1-0 Kummer,H (1857)-Peleikis,H (2073) EU-chT Seniors 11th 2009 (8)}) 11... O-O 12. Bxg7 Kxg7 13. Nb3 Ne5 14. h4 h5 15. Nd5 Nxd5 16. Qxd5 Be6 17. Qd2 Rac8 18. Bd3 Nxd3+ 19. Qxd3 Bxb3 20. Qxb3 a5 21. Rd2 b4 22. g4 hxg4 23. fxg4 Qc4 24. Qxc4 Rxc4 25. Re2 Rfc8 26. Rhh2 a4 27. Re3 Rb8 28. Kd1 Rd4+ 29. Rd2 Rxd2+ 30. Kxd2 Rc8 31. Kd3 e6 32. Re2 Rc6 33. Kd4 Kh6 34. Rf2 Rc7 35. c3 bxc3 36. bxc3 Rb7 37. Kc4 a3 38. Rd2 Rb6 39. Rf2 Kg7 40. Rd2 Kf6 41. Rf2+ Ke7 42. Kd3 Rb1 43. Rh2 Rg1 44. g5 Rb1 45. c4 Kd7 46. Rf2 Ke7 47. Rh2 Kd7 48. Rf2 1/2-1/2

[Event "Olympiad Women 2024"]
[Site "Budapest HUN"]
[Date "2024.09.22"]
[Round "11.61"]
[Board "2"]
[White "Kaslan, Alexandra"]
[Black "Besrat Mesgena Yoseph"]
[Result "1-0"]
[WhiteElo "1675"]
[BlackElo "1557"]
[PlyCount "77"]
[EventDate "2024.09.11"]
[WhiteTeam "Suriname"]
[BlackTeam "Eritrea"]
[WhiteTeamCountry "SUR"]
[BlackTeamCountry "ERI"]

1. d4 d5 2. Nf3 Nf6 3. Bf4 Nc6 4. e3 e6 5. Nbd2 Bd6 6. Ne5 Bxe5 7. dxe5 Nd7 8. Qg4 g6 ({RR} 8... Kf8 9. Bg5 Ndxe5 10. Bxd8 Nxg4 11. Bxc7 f5 12. Nf3 Kf7 13. h3 Nf6 14. Ne5+ Nxe5 15. Bxe5 Nd7 16. Bc3 Nc5 17. f3 Bd7 18. g4 Rhc8 19. O-O-O Bc6 20. Rg1 g6 21. h4 Nd7 22. gxf5 exf5 23. e4 {1-0 Santos Flores,A (2191)-Valle,E (1955) 17th American Continental 2024 (11.66)}) 9. Nf3 f6 $146 ({RR} 9... Qe7 10. c3 Qf8 11. Bd3 Qg7 12. Qg3 Nc5 13. Bc2 Bd7 14. Bg5 Ne4 15. Bxe4 dxe4 16. Bf6 Qf8 17. Bxh8 Qxh8 18. Ng5 Nxe5 19. O-O-O f5 20. f4 Nd3+ 21. Kb1 O-O-O 22. Nh3 Ba4 23. Rd2 c5 24. Nf2 {1-0 Schmidt,O (1775)-Docekal,B (1845) Vitoria Espirito Sancto op 2006 (4)}) 10. Qxe6+ Qe7 11. Qxe7+ Nxe7 12. exf6 Nxf6 13. Bxc7 Bf5 14. c3 Rc8 15. Be5 O-O 16. Nd4 Ne4 17. f3 Nc5 18. Nxf5 Nxf5 19. Kd2 Rfe8 20. Bd4 Nxd4 21. exd4 Na4 22. Bb5 Nxb2 23. Bxe8 Rxe8 24. Rhe1 Nc4+ 25. Kd3 Rxe1 26. Rxe1 b5 27. Re8+ Kg7 28. Re7+ Kh6 29. Rxa7 Nb2+ 30. Kc2 Nc4 31. Kb3 Ne3 32. g4 Nf1 33. f4 Nxh2 34. g5+ Kh5 35. Rxh7+ Kg4 36. Rxh2 Kxf4 37. Rg2 Ke4 38. Kb4 Kd3 39. Rf2 1-0

[Event "Olympiad Women 2024"]
[Site "Budapest HUN"]
[Date "2024.09.22"]
[Round "11.61"]
[Board "3"]
[White "Elshalom Essayas Berhane"]
[Black "Wu, Elise"]
[Result "0-1"]
[WhiteElo "1659"]
[BlackElo "1595"]
[PlyCount "92"]
[EventDate "2024.09.11"]
[WhiteTeam "Eritrea"]
[BlackTeam "Suriname"]
[WhiteTeamCountry "ERI"]
[BlackTeamCountry "SUR"]

1. e4 e5 2. Nf3 Nc6 3. d4 exd4 4. Bc4 Nf6 5. e5 d5 6. Bb5 Ne4 7. Nxd4 Bd7 8. Bxc6 bxc6 9. O-O Bc5 10. f3 Ng5 11. Nc3 ({RR} 11. Kh1 O-O 12. Nc3 Ne6 13. Nb3 Bb6 14. f4 f5 15. Ne2 Qe8 16. a4 a5 17. c4 dxc4 18. Nd2 Nc5 19. Nxc4 Be6 20. Qc2 Qf7 21. Nxb6 cxb6 22. Be3 Bb3 23. Qc1 Bc4 24. Bxc5 bxc5 25. Rf2 Rab8 {1-0 Ponkratov,P (2657)-Sasikiran,K (2647) EU-Cup 36th Struga 2021 (5.6)}) 11... Bb6 ({RR} 11... O-O 12. Be3 Bb6 13. Qd2 Ne6 14. Nxe6 Bxe6 15. Na4 Qe7 16. Kh1 h6 17. c3 Rae8 18. b4 Bf5 19. Bd4 a5 20. Nc5 axb4 21. cxb4 Rb8 22. a4 Rfe8 23. Rfe1 Qh4 24. Ra3 f6 25. g3 Qg5 26. Qxg5 {1-0 Perez Selios,L (1698)-Lopez,B (1354) 7th Marcel Duchamp Cup 2024 (6.55)}) 12. Kh1 c5 13. Nb3 $146 ({RR} 13. Bxg5 Qxg5 14. f4 Qd8 15. Nb3 d4 16. Ne4 Bc6 17. Ng5 Qd5 18. Qg4 h5 19. Qh3 O-O 20. c4 Qxc4 21. Qxh5 Qc2 22. Rf2 Qf5 23. Rc1 f6 24. exf6 Rxf6 25. h4 Rh6 26. Qd1 Re8 27. Nxc5 d3 {0-1 Adda,O (2086)-Leroy,C (2195) FRA-chT2 France 2002 (4)}) ({RR} 13. Bxg5 Qxg5 14. f4 Qg4 15. Nf3 d4 16. Ne2 Bc6 17. Qd3 O-O-O 18. a4 a5 19. h3 Qd7 20. b3 Kb8 21. Rad1 Qc8 22. Ng5 Rd7 23. f5 Re7 24. e6 fxe6 25. Nxe6 Qb7 26. N2f4 Be4 27. Qc4 Qc6 {0-1 Morales Romero,P (2410)-Perez,J (2080) Capablanca Memorial op 44th 2009 (3)}) 13... d4 14. Bxg5 Qxg5 15. Ne4 Qe7 16. c3 O-O-O 17. cxd4 cxd4 18. Qd3 Qxe5 19. Rfe1 Rhe8 20. a4 a5 21. h3 Qd5 22. Rec1 Bc6 23. Nxa5 Bxa5 24. Rc5 Qe6 25. Qa6+ Kd7 26. Qxa5 Ra8 27. Qb4 Bxe4 28. fxe4 Qxe4 29. Rd1 Kc8 30. Qc4 Re7 31. Rxd4 Qe6 32. Qd3 Rd7 33. Rxd7 Qxd7 34. Rd5 Qe8 35. Qxh7 g6 36. Qh4 Rxa4 37. Qf2 Ra8 38. Qd4 Ra4 39. Qc3 Ra8 40. Qd3 Ra4 41. Rb5 Ra8 42. Qd5 Rb8 43. Ra5 Rxb2 44. Qa8+ Rb8 45. Qa6+ Rb7 46. Rb5 Qxb5 0-1

[Event "Olympiad Women 2024"]
[Site "Budapest HUN"]
[Date "2024.09.22"]
[Round "11.62"]
[Board "2"]
[White "Chemaou lilya"]
[Black "Marcos, Taqesyah"]
[Result "1/2-1/2"]
[WhiteElo "1565"]
[BlackElo "1679"]
[PlyCount "68"]
[EventDate "2024.09.11"]
[WhiteTeam "Morocco"]
[BlackTeam "Netherlands Antilles"]
[WhiteTeamCountry "MAR"]
[BlackTeamCountry "AHO"]

1. e4 c6 2. d4 d5 3. exd5 cxd5 4. Bd3 Nf6 5. c3 h6 ({RR} 5... a6 6. Nf3 e6 7. O-O Bd6 8. Re1 O-O 9. Bg5 h6 10. Bh4 g5 11. Bg3 Nh7 12. Nbd2 f5 13. Bxd6 Qxd6 14. Ne5 Nc6 15. Qh5 Rf6 16. Re2 Bd7 17. Rae1 Be8 18. Qf3 Bh5 19. Qxh5 Raf8 20. f4 {1-0 Georgiev,K (2648)-Meidla,L Puhajarve rap op 14th rapid 2013 (16)}) 6. Bf4 ({RR} 6. h3 Nc6 7. Bf4 Qb6 8. Qc2 e6 9. Nf3 Bd7 10. O-O Rc8 11. Qe2 Be7 12. Re1 O-O 13. Ne5 Rfd8 14. g4 Nxe5 15. Bxe5 Ne4 16. Kg2 Bc6 17. f3 Nd6 18. Na3 Nc4 19. Nxc4 dxc4 20. Bc2 Bd5 {1-0 Ruiz Jaraba,V (1796)-Sanchez Riobo,E (1318) Central America Carribean-ch U20 Girls 2021 (1)}) 6... e6 $146 ({RR} 6... Nc6 7. Nd2 Bg4 8. Ngf3 e6 9. O-O Bd6 10. Be3 O-O 11. Re1 a6 12. h3 Bh5 13. Qc2 Bxf3 14. Nxf3 Rc8 15. a3 Qb6 {1-0 Bezuidenhout,R-Du Preez,L RSA-chT U16 Cape Town 2002 (2)}) ({RR} 6... Nbd7 7. Nf3 Qb6 8. Qc2 e6 9. Nbd2 Bd6 10. Bg3 O-O 11. O-O Re8 12. Rfe1 Bxg3 13. hxg3 Qc7 14. Ne5 Nxe5 15. dxe5 Nd7 16. Nf3 Nc5 17. g4 Nxd3 18. Qxd3 Qc4 19. Qxc4 dxc4 20. Nd2 b5 21. Ne4 {½-½ Jelinek,M (1904)-Kastl,D (1814) CZE-chT U20 Extraliga West 1415 2014 (3.3)}) 7. Nf3 Bd6 8. Bg3 Qc7 9. Ne5 Nc6 10. Bb5 a6 11. Bxc6+ bxc6 12. Qa4 Bb7 13. Nd2 O-O 14. O-O c5 15. b4 cxd4 16. cxd4 Qb6 17. Ndf3 Rfd8 18. Rfc1 Rac8 19. h3 Ne4 20. Rxc8 Rxc8 21. Nd7 Qxb4 22. Qxb4 Bxb4 23. Rb1 Bc6 24. Nb6 Re8 25. Rxb4 Nxg3 26. fxg3 f6 27. Na4 a5 28. Rb6 Bxa4 29. Ra6 Bb5 30. Rxa5 Bc4 31. Nd2 Rc8 32. Kf2 Kf7 33. Ra7+ Kg6 34. Re7 Bxa2 1/2-1/2

[Event "Olympiad Women 2024"]
[Site "Budapest HUN"]
[Date "2024.09.22"]
[Round "11.62"]
[Board "3"]
[White "Pieter, Liana"]
[Black "El Harrak, Maryam"]
[Result "1/2-1/2"]
[WhiteElo "1619"]
[BlackElo "1639"]
[PlyCount "63"]
[EventDate "2024.09.11"]
[WhiteTeam "Netherlands Antilles"]
[BlackTeam "Morocco"]
[WhiteTeamCountry "AHO"]
[BlackTeamCountry "MAR"]

1. d4 d5 2. Nf3 Nf6 3. b3 g6 4. Bb2 Bg7 5. e3 O-O 6. Be2 Bg4 7. Nbd2 ({RR} 7. O-O Bxf3 8. Bxf3 c6 9. c4 Nbd7 10. Nc3 e6 11. Rc1 Re8 12. g3 a6 13. Qd2 b5 14. Rfd1 bxc4 15. bxc4 Nb6 16. c5 Nc4 17. Qc2 e5 18. Na4 Nxb2 19. Qxb2 Rb8 20. Qa3 Qa5 21. Rc3 exd4 {0-1 Nihal,S (2693)-Bernadskiy,V (2566) Titled Tue 30th Jan Early 2024 (10)}) 7... Nbd7 8. c4 c6 9. h3 $146 ({RR} 9. O-O Qc7 10. Rc1 e6 11. h3 Bxf3 12. Bxf3 Rac8 13. Qc2 Qd8 14. Rfd1 Re8 15. e4 dxe4 16. Nxe4 Nxe4 17. Qxe4 Nf6 18. Qh4 Qe7 19. Re1 a6 20. Re2 Qd8 21. Rd1 Qe7 22. Qg3 Qc7 23. Qg5 Nd7 {1-0 Botteley,M (1941)-Mohammed Sharifdeen,M British Rapidplay 2024 (5.66)}) ({RR} 9. O-O Ne4 10. Nxe4 dxe4 11. Ng5 Bf5 12. g4 e5 13. Nh3 exd4 14. Bxd4 Be6 15. Nf4 Bxd4 16. Nxe6 fxe6 17. Qxd4 Nf6 18. Qe5 Qe7 19. Rad1 Rad8 20. Kg2 Kf7 21. Kg3 h6 22. h4 Rh8 23. f3 Rxd1 {1-0 Kohlei,R (2099)-Liesenfeld,H (1860) SVR-ch MAT 31th 2008 (4)}) 9... Bxf3 10. Nxf3 Qa5+ 11. Qd2 Qxd2+ 12. Nxd2 Rfe8 13. f4 c5 14. g4 cxd4 15. exd4 Ne4 16. cxd5 Ng3 17. Rg1 Nxe2 18. Kxe2 Nb6 19. Kf3 Nxd5 20. Rac1 Rac8 21. Rge1 e6 22. Ne4 Bf8 23. a3 b6 24. Rc4 b5 25. Rcc1 Be7 26. g5 a5 27. Nc5 Bd6 28. Re4 Rc6 29. Nb7 Rec8 30. Rxc6 Rxc6 31. Nxd6 Rxd6 32. b4 1/2-1/2

[Event "Olympiad Women 2024"]
[Site "Budapest HUN"]
[Date "2024.09.22"]
[Round "11.63"]
[Board "1"]
[White "Nomcebo, Sibisi"]
[Black "Ibtihal Osman"]
[Result "1-0"]
[WhiteElo "1570"]
[BlackElo "1626"]
[PlyCount "195"]
[EventDate "2024.09.11"]
[WhiteTeam "Eswatini"]
[BlackTeam "Sudan"]
[BlackTeamCountry "SUD"]

1. d4 g6 2. Nf3 Bg7 3. g3 d5 4. Bg2 e6 5. O-O Ne7 6. c4 ({RR} 6. Nbd2 O-O 7. e4 b6 8. c3 Nd7 9. Re1 dxe4 10. Nxe4 Bb7 11. Bf4 Nd5 12. Bg5 Qc8 13. Qc1 a5 14. Bh6 N5f6 15. Nxf6+ Nxf6 16. c4 c5 17. Bxg7 Kxg7 18. Qc3 Bxf3 19. Bxf3 cxd4 20. Qxd4 Rb8 {½-½ Ribli,Z (2630)-Andersson,U (2625) World Cup Reykjavik 1988 (15)}) ({RR} 6. Nbd2 Nbc6 7. c3 O-O 8. e4 b5 9. Re1 Bb7 10. e5 a5 11. Nb3 Nb8 12. Nc5 Bc6 13. Bg5 h6 14. Bf6 Nd7 15. Bxg7 Kxg7 16. Nd3 Qb8 17. a3 Qa7 18. Qd2 Bb7 19. Qf4 Ng8 20. b4 Qb6 {0-1 Atako,C (1993)-Dong Bao Nghia (2317) 4NCL Div 2 2023-24 (3.4)}) 6... c6 7. Nc3 O-O 8. cxd5 $146 ({RR} 8. b3 Re8 9. Bb2 Nd7 10. Qc2 Nf5 11. Rfd1 Qc7 12. cxd5 cxd5 13. Rac1 a6 14. e4 dxe4 15. Nxe4 Qxc2 16. Rxc2 Nb6 17. Ne5 Rd8 18. Rdd2 Nd5 19. a3 h6 20. g4 Nh4 21. Bh1 f5 22. gxf5 gxf5 {1-0 Salvador,L (1823)-Conti,A (1712) FRA-ch U16 Girls 2017 (8.1)}) 8... exd5 9. Bg5 Re8 10. Qc1 Qb6 11. Bxe7 Rxe7 12. e3 Bf5 13. Qd2 Nd7 14. Rac1 Nf6 15. Nh4 Bg4 16. a3 a5 17. Nf3 Bf5 18. Ra1 Rae8 19. Rac1 Bh6 20. Na4 Qc7 21. b4 Ne4 22. Qb2 b5 23. Nc5 Nxc5 24. Rxc5 Rc8 25. Ne5 Qd6 26. Rfc1 Rec7 27. bxa5 f6 28. Nf3 Bd3 29. Nd2 Bf8 30. R5c3 Bc4 31. Ra1 Ra7 32. Nb3 b4 33. axb4 Qxb4 34. Qc2 Rb8 35. Nd2 Bb5 36. Bf1 Bxf1 37. Rxf1 Qb2 38. Rxc6 Qxc2 39. Rxc2 Rxa5 40. Kg2 Kf7 41. Nf3 g5 42. Rfc1 Ke6 43. Rc6+ Bd6 44. Ne1 Rb3 45. R6c3 Rxc3 46. Rxc3 Bb4 47. Rc1 Bd2 48. Rb1 Ra2 49. Kf3 h5 50. h3 f5 51. g4 fxg4+ 52. hxg4 h4 53. Nd3 Ba5 54. Rb8 Bc7 55. Rf8 Ra1 56. Kg2 Bd6 57. Rf5 Be7 58. Ne5 Ra8 59. Nf3 Rg8 60. Ne5 Rg7 61. Kh3 Rg8 62. f4 Bf6 63. Nf3 gxf4 64. exf4 Rh8 65. Ne5 Ra8 66. Rh5 Ra3+ 67. Kg2 Rg3+ 68. Kf2 Bxe5 69. Rxe5+ Kd6 70. g5 Rd3 71. g6 Rxd4 72. Kf3 Rd3+ 73. Kg4 Rg3+ 74. Kf5 h3 75. Kf6 h2 76. Rh5 Rg2 77. Kf7 d4 78. g7 d3 79. Rxh2 Rxh2 80. g8=Q d2 81. Qd8+ Kc6 82. Qc8+ Kd5 83. Qc2 Kd4 84. f5 Ke3 85. f6 Rh1 86. Qc5+ Ke2 87. Qe5+ Kf2 88. Qf4+ Ke2 89. Qe4+ Kf2 90. Qxh1 Ke2 91. Qe4+ Kd1 92. Ke7 Kc1 93. Qc4+ Kd1 94. f7 Ke1 95. Qe4+ Kd1 96. f8=Q Kc1 97. Qc4+ Kb2 98. Qb8+ 1-0

[Event "Olympiad Women 2024"]
[Site "Budapest HUN"]
[Date "2024.09.22"]
[Round "11.63"]
[Board "2"]
[White "Sabreen Oraby"]
[Black "Nkwanyane Nolwazi"]
[Result "1-0"]
[WhiteElo "1812"]
[BlackElo "1542"]
[PlyCount "77"]
[EventDate "2024.09.11"]
[WhiteTeam "Sudan"]
[BlackTeam "Eswatini"]
[WhiteTeamCountry "SUD"]

1. c4 e5 2. g3 Nf6 3. Bg2 Bc5 4. Nc3 c6 5. a3 ({RR} 5. e4 O-O 6. Nge2 d6 7. O-O Be6 8. b3 d5 9. exd5 cxd5 10. d4 Bxd4 11. Nxd4 exd4 12. Qxd4 Nc6 13. Qh4 dxc4 14. bxc4 Ng4 15. Qxd8 Rfxd8 16. Nd5 Rd7 17. Bf4 Nge5 18. Rfb1 Rad8 19. h4 f6 {½-½ Matlakov,M (2668)-Khairullin,I (2631) RUS-ch Higher League 65th 2012 (7)}) 5... a5 ({RR} 5... a6 6. e3 O-O 7. Nge2 d6 8. d4 exd4 9. exd4 Bb6 10. O-O Bg4 11. Qb3 Qc8 12. Qxb6 Nbd7 13. Qb3 Re8 14. Re1 Nf8 15. Bg5 N6d7 16. Ne4 Qc7 17. Bf4 Re6 18. c5 Qa5 19. Bxd6 b6 20. f3 {1-0 Aquilino Rodriguez,V (1541)-Javaloyes Ruiz,M Madrid-ch Previa-A 2022 (5)}) 6. e3 Qe7 7. Nge2 e4 $146 ({RR} 7... d6 8. O-O e4 9. d3 exd3 10. Qxd3 Nbd7 11. Qc2 Ne5 12. Nd4 O-O 13. Ne4 Nxe4 14. Bxe4 Bh3 15. Bg2 Bxg2 16. Kxg2 Qf6 17. f3 Rfe8 18. Nb3 Bb6 19. c5 dxc5 20. Nxc5 Qe7 21. Na4 Ba7 22. e4 {½-½ Mitura,V (2230)-Trichkov,V (2415) CZE-chT 9596 1995 (10)}) 8. Nf4 Bd6 9. Nh5 Nxh5 10. Qxh5 g6 11. Qe2 f5 12. d4 exd3 13. Qxd3 Be5 14. O-O O-O 15. Rb1 Na6 16. Na4 Rb8 17. Bd2 b5 18. cxb5 cxb5 19. Nc3 Nc5 20. Qc2 Qg7 21. Nxb5 Ne6 22. Nc3 Ba6 23. Rfd1 Nc5 24. Bf1 Bxf1 25. Kxf1 Rfc8 26. Na4 Qh6 27. Nxc5 Qxh2 28. Qc4+ Kh8 29. Qd5 Qh3+ 30. Kg1 d6 31. Nd7 f4 32. Nxe5 fxg3 33. Nf3 g2 34. Nh2 Rc5 35. Bc3+ Rxc3 36. bxc3 Rf8 37. Rb7 Rxf2 38. Qd4+ Kg8 39. Qg7# 1-0

[Event "Olympiad Women 2024"]
[Site "Budapest HUN"]
[Date "2024.09.22"]
[Round "11.63"]
[Board "3"]
[White "Dlamini Sincobile"]
[Black "Rawan Mansor"]
[Result "1-0"]
[WhiteElo "1572"]
[BlackElo "1717"]
[PlyCount "45"]
[EventDate "2024.09.11"]
[WhiteTeam "Eswatini"]
[BlackTeam "Sudan"]
[BlackTeamCountry "SUD"]

1. e4 e5 2. Nf3 Nc6 3. d4 exd4 4. Bc4 d6 5. Nxd4 Ne5 6. Be2 Bd7 7. Nc3 Nf6 8. Bg5 ({RR} 8. O-O Qc8 9. f3 Be7 10. Bg5 c6 11. Qd2 O-O 12. Rad1 b5 13. a3 a5 14. b3 b4 15. axb4 axb4 16. Na4 Qb7 17. Nf5 Bxf5 18. exf5 Rfd8 19. Kh1 h5 20. f4 Ne4 21. Qe3 Nxg5 22. fxg5 Ng4 {1-0 Ponce Valero,J (1949)-Ulla Centelles,L (1274) Xativa op 5th 2019 (6)}) 8... Be7 9. O-O h6 $146 ({RR} 9... O-O 10. a3 a6 11. Nf3 Nc6 12. Re1 Be6 13. Bd3 h6 14. Bh4 Bg4 15. Be2 Qd7 16. Nd5 Nxd5 17. exd5 Nd8 18. Bxe7 Qxe7 19. Qd4 Qd7 20. h3 Bf5 21. c3 b6 22. Nh4 Bh7 23. Bg4 Qb5 24. b4 {1-0 Petras,S (1729)-Sandor,S (1663) SVK-chT4 A22 1213 2012 (1.4)}) 10. Bd2 O-O 11. f4 Nc6 12. Be3 Nxd4 13. Bxd4 Bc6 14. Bd3 Re8 15. Qd2 Bf8 16. Rae1 a6 17. Qf2 b5 18. e5 dxe5 19. fxe5 Nd7 20. Qxf7+ Kh8 21. Qg6 Nf6 22. exf6 Qxd4+ 23. Kh1 1-0

[Event "Olympiad Women 2024"]
[Site "Budapest HUN"]
[Date "2024.09.22"]
[Round "11.63"]
[Board "4"]
[White "Elizabeth  Tanyous"]
[Black "Nosimilo, Mkhonto"]
[Result "1-0"]
[WhiteElo "1530"]
[BlackElo "1561"]
[PlyCount "76"]
[EventDate "2024.09.11"]
[WhiteTeam "Sudan"]
[BlackTeam "Eswatini"]
[WhiteTeamCountry "SUD"]

1. e4 e5 2. Nf3 d6 3. Bc4 Be7 4. d4 exd4 5. Nxd4 Nf6 6. Nc3 O-O 7. O-O Bd7 8. Bf4 Nc6 9. Qd2 ({RR} 9. Re1 Nxd4 10. Qxd4 Bc6 11. Rad1 Nd7 12. Nd5 Bf6 13. Nxf6+ Qxf6 14. Qxf6 Nxf6 15. e5 Nh5 16. Bg5 dxe5 17. Rxe5 g6 18. Re7 Rac8 19. h3 Kg7 20. Bd2 h6 21. g4 Nf6 22. Bc3 g5 23. f4 b5 {1-0 Zelcic,R (2380)-Pavlovic,R (2320) CRO-chT Pula 1992 (6)}) ({RR} 9. h3 a6 10. a4 Nxd4 11. Qxd4 c5 12. Qd3 Qc7 13. Rfd1 Bc6 14. Nd5 Nxd5 15. Bxd5 Rad8 16. c4 Bxd5 17. Qxd5 Qc6 18. Ra2 Qxd5 19. Rxd5 g6 20. b3 a5 21. Rad2 Rd7 22. Rxc5 dxc5 23. Rxd7 Bd8 {1-0 Quevedo,A (1779)-Carreras Colman,L (1424) Wch U18 Girls 2017 (3)}) 9... Ne5 10. Be2 Re8 $146 ({RR} 10... Ng6 11. Bg3 Qc8 12. Rad1 a6 13. f4 c5 14. Nf3 Bc6 15. f5 Ne5 16. Nxe5 dxe5 17. Bxe5 Bxe4 18. Bxf6 Bxf6 19. Nxe4 Bd4+ 20. Kh1 Qc6 21. Bf3 Qc7 22. f6 Rfd8 23. Qg5 Bxf6 24. Nxf6+ Kh8 25. Nd5 {1-0 Koskinen,A-Vesanen,M FIN-chT1A 0607 2006 (6.6)}) 11. Rad1 a6 12. Bg5 b5 13. Qe1 b4 14. Bxf6 Bxf6 15. Nd5 c5 16. Nxf6+ Qxf6 17. Nf3 Bc6 18. Nd2 Bb5 19. c4 Bc6 20. b3 Ng6 21. Bd3 Nf4 22. Bb1 Bd7 23. Qe3 Qg5 24. g3 Nh3+ 25. Kg2 Qxe3 26. fxe3 Ng5 27. Kg1 Bc6 28. Rf5 h6 29. h4 Nxe4 30. Nxe4 Bxe4 31. Bxe4 Rxe4 32. Rxd6 Rxe3 33. Kg2 Re2+ 34. Rf2 Re5 35. Rfd2 Kh7 36. Kh3 a5 37. Rd7 f6 38. R7d5 a4 1-0

[Event "Olympiad Women 2024"]
[Site "Budapest HUN"]
[Date "2024.09.22"]
[Round "11.64"]
[Board "1"]
[White "Vilhete, Vania Fausto Da T."]
[Black "Ahmed, Najla"]
[Result "1-0"]
[WhiteElo "1877"]
[BlackElo "1539"]
[PlyCount "71"]
[EventDate "2024.09.11"]
[WhiteTeam "Mozambique"]
[BlackTeam "Bahrain"]
[WhiteTeamCountry "MOZ"]
[BlackTeamCountry "BHN"]

1. d4 d5 2. c4 c6 3. e3 Nf6 4. Nf3 Nbd7 5. Bd3 e6 6. O-O Be7 7. Nc3 O-O 8. b3 Re8 9. Bb2 Nf8 10. Qe2 ({RR} 10. e4 dxe4 11. Nxe4 Nxe4 12. Bxe4 c5 13. Qe2 cxd4 14. Nxd4 Qc7 15. Nb5 Qa5 16. Rfd1 a6 17. Bc3 Qb6 18. Bd4 Qa5 19. Bc3 Qb6 20. Nd4 Bd7 21. Qf3 Rab8 22. Ne2 Bc6 23. Bxc6 bxc6 24. Nf4 Ng6 {1-0 Khegay,D (2528)-Vetokhin,S (2349) Titled Tuesday intern op 23rd June blitz 2020 (6)}) ({RR} 10. e4 dxe4 11. Nxe4 Ng6 12. Qc2 Nxe4 13. Bxe4 f5 14. Bd3 Nf4 15. Rad1 Bf6 16. Rfe1 g5 17. Ne5 Qc7 18. Bf1 b6 19. g3 Ng6 20. Nxg6 hxg6 21. Bg2 Bb7 22. Re2 Rad8 23. Red2 Qg7 24. c5 Re7 {½-½ Karl,F (1781)-Isik,T (1542) Krefeld Summer Open 2023 (5.19)}) 10... Ng6 11. Rad1 Qc7 $146 ({RR} 11... Bb4 12. Bb1 Qa5 13. Rc1 dxc4 14. bxc4 Qh5 15. Ne1 Qh6 16. Nd3 Bxc3 17. Bxc3 e5 18. dxe5 Ng4 19. h3 N4xe5 20. Nxe5 Nxe5 21. f4 Ng6 22. Rcd1 b5 23. f5 Nh4 24. Rf4 Bxf5 25. Rxh4 Qxh4 26. Bxf5 {1-0 Sadzikowski,D (2492)-Kempinski,T (2196) Krakow op-A 25th 2014 (1)}) ({RR} 11... Bd6 12. g3 e5 13. Bxg6 hxg6 14. dxe5 Bxe5 15. Nxe5 Rxe5 16. Nxd5 Rxd5 17. cxd5 cxd5 18. e4 Bg4 19. f3 Bh3 20. Rfe1 Qa5 21. Bxf6 gxf6 22. exd5 Bf5 23. d6 Rd8 24. Qd2 Qc5+ 25. Qd4 Qxd4+ 26. Rxd4 {1-0 Al Saffar,A (2361)-Semedo,A (1671) Olympiad-42 Baku 2016 (2.4)}) ({RR} 11... b6 12. Ne5 Bb7 13. f4 Qc7 14. Rf3 dxc4 15. bxc4 c5 16. Rh3 cxd4 17. Bxg6 hxg6 18. exd4 Rad8 19. Rf1 a6 20. Rd3 Ba8 21. Qd1 Qb7 22. d5 Bc5+ 23. Kh1 exd5 24. Nxd5 Nxd5 25. cxd5 Rxd5 26. Ng4 {0-1 Butti,E (2065)-Skuhala,J (2351) Titled Tuesday intern op 02nd Mar blitz 2021 (5)}) 12. Bb1 Qa5 13. Qc2 dxc4 14. bxc4 Qh5 15. Ne4 b5 16. Ng3 Qh6 17. Bc1 Nh4 18. Ne5 g6 19. e4 g5 20. Nxc6 Ng4 21. Nxe7+ Rxe7 22. h3 e5 23. hxg4 Bxg4 24. f3 Bd7 25. c5 Ng6 26. d5 Nf4 27. Bxf4 gxf4 28. Nf5 Bxf5 29. exf5 f6 30. d6 Rg7 31. d7 Rd8 32. c6 Kh8 33. c7 Rgg8 34. c8=Q Qg5 35. Rf2 h5 36. Q2c7 1-0

[Event "Olympiad Women 2024"]
[Site "Budapest HUN"]
[Date "2024.09.22"]
[Round "11.64"]
[Board "2"]
[White "Almusawi, Maram"]
[Black "Efentakis, Katina"]
[Result "1/2-1/2"]
[WhiteElo "1510"]
[BlackElo "1650"]
[PlyCount "103"]
[EventDate "2024.09.11"]
[WhiteTeam "Bahrain"]
[BlackTeam "Mozambique"]
[WhiteTeamCountry "BHN"]
[BlackTeamCountry "MOZ"]

1. d4 d5 2. c4 e6 3. Nc3 Nf6 4. Bg5 c6 5. cxd5 exd5 6. e3 Be7 7. Bd3 O-O 8. Nf3 Nbd7 9. O-O Re8 10. Qc2 h6 11. Bf4 Nf8 12. h3 Ne6 13. Bh2 Bd6 14. Ne5 Ng5 ({RR} 14... Qe7 15. Rae1 Nd7 16. f4 Bxe5 17. fxe5 Nb6 18. a4 a5 19. Qb3 Qc7 20. Rf2 Re7 21. Ref1 Bd7 22. Qc2 Rf8 23. Ne2 c5 24. Qd2 Bxa4 25. Ng3 cxd4 26. Nf5 Rd7 27. exd4 Bb3 28. Nxh6+ gxh6 29. Qxh6 {1-0 Srbis,J (2409)-Caku,K (1859) Titled Tue 23rd Jul Early 2024 (3)}) 15. Kh1 ({RR} 15. Rad1 Qe7 16. f4 Nge4 17. g4 Nxc3 18. bxc3 c5 19. Qg2 Be6 20. Kh1 Nh7 21. Bxh7+ Kxh7 22. f5 Bxe5 23. dxe5 Bd7 24. f6 Qf8 25. c4 d4 26. exd4 cxd4 27. Qxb7 Be6 28. fxg7 Qxg7 29. Rf6 Rab8 {1-0 Bu,X (2558)-Harikrishna,P (2504) Lausanne YM 3rd 2001 (4.1)}) 15... Qc7 $146 ({RR} 15... Qe7 16. Rac1 Nge4 17. Na4 Be6 18. a3 a5 19. f3 Ng5 20. Nc5 Bc8 21. h4 Ne6 22. b4 axb4 23. axb4 Nd7 24. f4 Nf6 25. Bf5 Ra3 26. Rf3 Nxc5 27. bxc5 Bc7 28. g4 Ne4 29. Qb2 Ra7 30. Bxe4 {0-1 Kolb,M-Osthof,A Verbandsliga Sued Baden 9192 1991 (6.2)}) 16. f4 Nge4 17. Rac1 Nxc3 18. bxc3 b5 19. Rb1 a6 20. Rfe1 Be6 21. Bg3 Ne4 22. Bxe4 dxe4 23. c4 Bxe5 24. fxe5 bxc4 25. Qxe4 Qd7 26. Rb6 Qd5 27. Qxd5 cxd5 28. Rc1 Reb8 29. Rcb1 Rxb6 30. Rxb6 c3 31. Rc6 Rc8 32. Rxc8+ Bxc8 33. Be1 c2 34. Bd2 Bf5 35. Kg1 Kf8 36. Kf2 Ke7 37. Ke2 Kd7 38. Bc1 h5 39. h4 Kc6 40. Kd2 Kb5 41. Kc3 g6 42. Kb3 Bd3 43. Kc3 Be4 44. g3 Ka4 45. Bb2 Kb5 46. Bc1 Kc6 47. Kb4 Kd7 48. Kc3 Ke6 49. Kd2 Kf5 50. Ke2 Kg4 51. Kf2 Kf5 52. Ke2 1/2-1/2